History Quiz

Random History or Clickable Quiz
Score 0/66 Timer 20:00
1 Play Today
% Correct
Cleopatra
85.7%
Julia
82.1%
Gaius Gracchus
78.6%
Lucius Cornelius Sulla
78.6%
Gaius Julius Caesar
78.6%
Mithridates
78.6%
Octavian
78.6%
Octavia
78.6%
Spartacus
75%
Marcus Licinius Crassus
75%
Lucius Sergius Catilina
75%
Marcus Tullius Cicero
75%
Marcus Brutus
75%
Mark Antony
75%
Caesarion
75%
Marcus Agrippa
75%
Tiberius Gracchus
71.4%
Gaius Marius
71.4%
Gnaeus Pompeius Magnus
71.4%
The Metelli
67.9%
Aemilius Lepidus
67.9%
Servilia
67.9%
Sextus Pompeius
67.9%
Gnaeus Pompey
64.3%
Lucius Antonius
64.3%
Publius Clodius Pulcher
60.7%
Cato
60.7%
Titus Annius Milo
60.7%
Jugurtha
60.7%
Aemilius Lepidus
60.7%
Decimus Brutus
60.7%
Marcus Calpurnius Bibulus
57.1%
Saturninus
57.1%
% Correct
Fulvia
57.1%
Maecenas
57.1%
Octavius
53.6%
Gaius Cassius
53.6%
Lucius Cornelius Cinna
50%
Metellus Scipio
50%
Licinius Macer
50%
Calpurnius Piso
50%
Caecilius Metellus Celer
50%
Afranius
50%
Domitius Ahenobarbus
50%
Scribonius Curio
50%
Cassius Longinus
50%
Hirtius
50%
Papirius Carbo
46.4%
Aurelius Cotta
46.4%
Autronius Paetus
46.4%
Servilius Rullus
46.4%
Manlius
46.4%
C.Cato
46.4%
Cornelius Dolabella
46.4%
Vibius Pansa
46.4%
Vatinius
42.9%
Aulus Gabinius
42.9%
Lucullus
42.9%
Trebonius
39.3%
Sulpicius Rufus
35.7%
Gaius Manilius
35.7%
Lucius Cornelius Balbus
21.4%
Gaius Oppius
21.4%
C. Rabirius
21.4%
Catulus
21.4%
Petreius
21.4%
Remove Ads.
Support Sporcle.
Get the best of Sporcle when you Go Orange. This ad-free experience offers more features, more stats, and more fun while also helping to support Sporcle. Thank you for becoming a member.

You're not logged in!

Compare scores with friends on all Sporcle quizzes.
OR
Log In

Show Comments

Extras

Top Quizzes Today


Score Distribution

Your Account Isn't Verified!

In order to create a playlist on Sporcle, you need to verify the email address you used during registration. Go to your Sporcle Settings to finish the process.

Report this User

Report this user for behavior that violates our Community Guidelines.

Details: